| 000 | 00540ntaaa2200205 4500 | ||
|---|---|---|---|
| 003 | 01 | ||
| 005 | 20251027202120.0 | ||
| 008 | 0714s1973 ag 01 | ||
| 020 | _a2825408603 | ||
| 040 |
_aAR-BaBN _bspa _cAR-BaBN _eaacr _dRIC |
||
| 082 | _a261.8000 B46h | ||
| 100 |
_aBeyers Naude, Christian Frederik _919632 |
||
| 245 | _aHope for faith | ||
| 250 | _a1 ed. | ||
| 260 |
_aGeneva : _bWorld Council of Churches, _c1986 |
||
| 300 |
_a41 p ; _cilu. : 21 cm |
||
| 650 | _aiglesia y sociedad | ||
| 700 |
_aSolle, Dorothee _99024 |
||
| 942 | _cBK | ||
| 999 |
_c16041 _d16041 |
||